000 00589nam a22001577a 4500
999 _c13853
_d13853
008 190425b ||||| |||| 00| 0 eng d
082 _22018
_aUT 1244
_bAn78
100 _aAnog, Jollibee D.
_938538
245 _aCauses of traffic accidents in the municipality of Hagonoy Davo del sur /
_cJollibee D. Anog, Joanna Fe S. Monares, and Mariel V. Revilla.
260 _aDigos City:
_bUMDC
_cMarch 2018.
300 _a37 pages;
_c30 cm.
650 _aCriminology
_xUndergraduate thesis.
_938539
700 _aMonares, Joanna Fe S.
_938540
700 _aRevilla, Mariel V.
_938541
942 _2ddc
_cUT